000 00425nam a2200121Ia 4500
008 220620s9999||||xx |||||||||||||| ||und||
100 _aHartmann, Bastian
245 0 _aHuman worker activity recognition in industrial environments
546 _aEnglish[eng]
650 _ainertial navigation||gesture recognition||human machine interface||activity recognition
856 _uhttps://www.ksp.kit.edu/9783866446434
942 _cEB
999 _c22375
_d22375